000
00290nam a2200121Ia 4500
008
190723s9999 xx 000 0 und d
100
_a
Donald R.Cooper
245
0
_a
Business Research Methods
250
_a
9th
260
_a
New York
_b
McGraw Hill
_c
2006
300
_a
744.:P
942
_c
BK
999
_c
1381
_d
1381